Introductory quantum mechanics / (Record no. 29127)

000 -LEADER
fixed length control field 00459 a2200181 4500
003 - CONTROL NUMBER IDENTIFIER
control field NUST
005 - DATE AND TIME OF LATEST TRANSACTION
control field 20180118161416.0
008 - FIXED-LENGTH DATA ELEMENTS--GENERAL INFORMATION
fixed length control field 180118b xxu||||| |||| 00| 0 eng d
020 ## - INTERNATIONAL STANDARD BOOK NUMBER
International Standard Book Number 0805387145
020 ## - INTERNATIONAL STANDARD BOOK NUMBER
International Standard Book Number 9780805387148
082 04 - DEWEY DECIMAL CLASSIFICATION NUMBER
Classification number 530.12
100 1# - MAIN ENTRY--PERSONAL NAME
Personal name Liboff, Richard.
9 (RLIN) 166
245 10 - TITLE STATEMENT
Title Introductory quantum mechanics /
Statement of responsibility, etc. Richard Liboff.
250 ## - EDITION STATEMENT
Edition statement 4th ed.
260 ## - PUBLICATION, DISTRIBUTION, ETC.
Place of publication, distribution, etc. [S.l.] :
Name of publisher, distributor, etc. Addison Wesley,
Date of publication, distribution, etc. 2002.
300 ## - PHYSICAL DESCRIPTION
Extent 900 p. ;
Dimensions 25 cm.
490 1# - SERIES STATEMENT
Series statement 4th edition.
830 #0 - SERIES ADDED ENTRY--UNIFORM TITLE
Uniform title 4th edition.
9 (RLIN) 167
942 ## - ADDED ENTRY ELEMENTS (KOHA)
Institution code [OBSOLETE] SNS
Koha item type Book
Call number prefix 530.12 LIB
Source of classification or shelving scheme
Holdings
Withdrawn status Lost status Source of classification or shelving scheme Damaged status Not for loan Permanent Location Current Location Shelving location Date acquired Full call number Barcode Date last seen Price effective from Koha item type
        Not For Loan School of Natural Sciences (SNS) School of Natural Sciences (SNS) Reference 05/26/2016 530.12 LIB SNS0000430 05/26/2016 05/26/2016 Book
© 2023 Central Library, National University of Sciences and Technology. All Rights Reserved.